书目信息 |
| 题名: |
公式和数表
|
|
| 作者: | ;北京市初等数学编写组 编 | |
| 分册: | ||
| 出版信息: | 北京 人民教育出版社 1975 |
|
| 页数: | 90页 | |
| 开本: | 19cm | |
| 丛书名: | ||
| 单 册: | ||
| 中图分类: | O1-64 | |
| 科图分类: | ||
| 主题词: | 初等数学-数学表 , 数学表-初等数学 , 初等数学-公式 , 公式-初等数学 | |
| 电子资源: | ||
| ISBN: | ||
| 000 | 00737nam0 2200265 45 | |
| 001 | 0175003051 | |
| 005 | 20070801172652.40 | |
| 010 | @dCNY0.24 | |
| 100 | @a19950927d1975 em y0chiy0121 ea | |
| 101 | 0 | @achi |
| 102 | @aCN@b110000 | |
| 105 | @ak o 000yy | |
| 200 | 10 | @a公式和数表@Agong shi he shu biao@f北京市《初等数学》编写组编 |
| 205 | @a修订本 | |
| 210 | @a北京@c人民教育出版社@d1975 | |
| 215 | @a90页@d19cm | |
| 606 | @a初等数学-数学表 | |
| 606 | @a数学表-初等数学 | |
| 606 | @a初等数学-公式 | |
| 606 | @a公式-初等数学 | |
| 690 | @aO1-64@v3 | |
| 711 | 02 | @a北京市初等数学编写组@Abei jing shi chu deng shu xue bian xie zu@4编 |
| 801 | 2 | @aCN@bNLC@c20070801 |
| 801 | 0 | @aCN@bTSSF@c20060818 |
| 905 | @a10447@dO1-64@e3 | |
| 公式和数表/北京市《初等数学》编写组编.-修订本.-北京:人民教育出版社,1975 |
| 90页;19cm |
| ISBN :CNY0.24 |
| ● |
| 相关链接 |
|
|
|
|
正题名:公式和数表
索取号:O1-64/3
 
预约/预借
| 序号 | 登录号 | 条形码 | 馆藏地/架位号 | 状态 | 备注 |
| 1 | 0431941 | 204319415 | 密集书库/ [索取号:O1-64/3] | 在馆 | |
| 2 | 0431942 | 204319424 | 密集书库/ [索取号:O1-64/3] | 在馆 | |
| 3 | 0468582 | 204685821 | 密集书库/ [索取号:O1-64/3] | 在馆 | |
| 4 | 0790991 | 207909913 | 密集书库/ [索取号:O1-64/3] | 在馆 |